01097nam a22002657a 45000010005000000030006000050050017000110080041000280200018000690400029000870500014001160820008001301000017001382450096001552500032002512600039002833000044003224900024003665050008003905200330003985210020007285210020007486500031007687000032007994943FISKH20241025153921.0241025b cb ||||| |||| 00| 0 eng d a9780439944038 aFISKHbengcFISKHdFISKH aDT61.D358 a932 aDeary, Terry aThe Awesome Egyptians / cby Terry Deary & Peter Hepplewhite : illustrated by Martin Brown  aThis edition published 2007 aNew York : bScholastic ;c1993 .  a139 pages : billustrations ;c20 cm .  a Horrible Histories aU  aDiscover all the foul facts about the Awful Egyptians with history's most horrible headlines. All the Awful Egyptians' most horrible facts ready for readers to uncover, including: Why the Egyptian people worshipped a dung beetle, Which pharaoh married her grandfather, and what the 'Shepherd of the Royal Backside' had to do!8 a820 bLexile 8 aU bRaz-Plus  aAncient Egyptvnon-fiction aBrown, Martineillustrator